Mente y cerebro para principiantes /

שמור ב:
מידע ביבליוגרפי
מחבר ראשי: Gellatly, Angus (autor)
מחברים אחרים: Zárate, Oscar (ilustración) (ilustración), Appignanesi, Richard (edición) (edición)
פורמט: ספר
שפה:ספרדית
יצא לאור: Buenos Aires, Argentina : Era Naciente, 2000, c2000
סדרה:(Documentales Ilustrados)
נושאים:
תגים: הוספת תג
אין תגיות, היה/י הראשונ/ה לתייג את הרשומה!

MARC

LEADER 00000nam^a2200000^a^4500
001 000153484
005 20250521000000.0
009 20260310100319.538
020 |a 987-9065-69-7 
037 |a Acervo ITESO - Biblioteca 
041 |a ESP 
082 |a 920. 02  |b PRI V. 55 
100 |a Gellatly, Angus  |e (autor) 
240 1 1 |a [Principiantes] 
240 1 1 |a [Mente y cerebro para principiantes] 
245 1 0 |a Mente y cerebro para principiantes /  |c A. Gellatly ; il. de O. Zárate ; ed. de R. Appignanesi ; tr. por Antonio Bonanno, Kurt E. Villalba. 
264 4 |a Buenos Aires, Argentina :  |b Era Naciente,  |c 2000, c2000 
300 |a 175 p. 
336 |a texto  |b txt  |2 rdacontenido 
337 |a sin mediación  |b n  |2 rdamedio 
338 |a volumen  |b nc  |2 rdasoporte 
440 1 |a (Documentales Ilustrados) 
500 |a Traducción de: Mind and Brain for Beginners 
649 |a XX 
650 |a Toma de Decisiones 
650 |a Lenguaje y Pensamiento 
650 |a Pensamiento 
650 |a Memoria 
650 |a Emoción 
650 |a Vista 
650 |a Conciencia -  |x Tema Principal 
650 |a Cerebro -  |x Tema Principal 
650 |a Psicología Cognitiva 
650 |a Psicología Fisiológica -  |x Tema Principal 
650 |a Psicobiología 
700 |a Zárate, Oscar  |e (ilustración) 
700 |a Appignanesi, Richard  |e (edición) 
910 |a Fondo General 
920 |a Impresos - Libros 
930 |a Colección General 
905 |a 101 
901 |a 0500082099  |b IT1  |c ACC  |u 20250521 
902 |a https://opac.biblio.iteso.mx/vufind/Record/000153484